000
00197 a2200097 4500
001
10055
100
_a
Spate, O.H.K.
245
_a
India & Pakistan
260
_a
_b
Methuen
_c
090
_c
7807
_d
7807
942
_a
NUST-CAE
_c
M
_c
34497
999
_c
245128
_d
245128